| 000 | 00948nam a2200193Ia 4500 | ||
|---|---|---|---|
| 003 | GCL | ||
| 008 | 140319s9999 xx 000 0 ara d | ||
| 040 |
_aGCL / _cGCL |
||
| 082 | 0 | 4 |
_a263.5 _bع ع |
| 100 | 1 | _aابن العربى : محيى الدين ابو بكر محمد بن على بن محمد بن احمد بن عبدالله الحاتمى الطائى الاندلسى | |
| 245 | 1 | 0 |
_aكتاب عنقا مغرب فى ختم الاولياء و شمس المغرب / _cابن العربى : محيى الدين ابو بكر محمد بن على بن محمد بن احمد بن عبدالله الحاتمى الطائى الاندلسى |
| 260 |
_aالقاهرة : _bمكتبة ومطبعة محمد على صبيح ، _c1954 |
||
| 300 |
_a79 ص ؛ _c20 سم |
||
| 650 | 0 | 4 | _aالتصوف الاسلامى |
| 650 | 0 | 4 | _aالتصوف |
| 650 | 0 | 4 | _aدواوين وقصائد |
| 650 | 0 | 4 | _aالتصوف والادب |
| 942 |
_2ddc _cBK |
||
| 999 |
_c52210 _d52210 |
||